Eastern Utah Libraries Catalog: Duchesne, Heber, Roosevelt, & Vernal

Ghost Island / (Record no. 72678)

MARC details
000 -LEADER
fixed length control field 01831cam a2200433Ia 4500
001 - CONTROL NUMBER
control field ocn233575770
003 - CONTROL NUMBER IDENTIFIER
control field OCoLC
005 - DATE AND TIME OF LATEST TRANSACTION
control field 20241220125839.0
008 - FIXED-LENGTH DATA ELEMENTS--GENERAL INFORMATION
fixed length control field 080708s2007 vtua j 000 1 eng d
010 ## - LIBRARY OF CONGRESS CONTROL NUMBER
LC control number 2008300284
040 ## - CATALOGING SOURCE
Original cataloging agency IFA
Transcribing agency IFA
Modifying agency UPZ
-- XL4
-- ZAQ
-- DLC
-- UINTA
020 ## - INTERNATIONAL STANDARD BOOK NUMBER
International Standard Book Number 9781933390574 (pbk.)
020 ## - INTERNATIONAL STANDARD BOOK NUMBER
International Standard Book Number 1933390573 (pbk.)
029 1# - (OCLC)
OCLC library identifier NZ1
System control number 13079979
035 ## - SYSTEM CONTROL NUMBER
System control number (OCoLC)233575770
050 #4 - LIBRARY OF CONGRESS CALL NUMBER
Classification number PZ7.G414
Item number Gho 2007
082 14 - DEWEY DECIMAL CLASSIFICATION NUMBER
Classification number [Fic]
Edition number 22
049 ## - LOCAL HOLDINGS (OCLC)
Holding library UCLB
092 ## - LOCALLY ASSIGNED DEWEY CALL NUMBER (OCLC)
Classification number GILLIGAN
100 1# - MAIN ENTRY--PERSONAL NAME
Personal name Gilligan, Shannon.
9 (RLIN) 26680
245 10 - TITLE STATEMENT
Title Ghost Island /
Statement of responsibility, etc by Shannon Gilligan ; [illustrated by Keith Newton].
260 ## - PUBLICATION, DISTRIBUTION, ETC. (IMPRINT)
Place of publication, distribution, etc Waitsfield, VT :
Name of publisher, distributor, etc Chooseco,
Date of publication, distribution, etc c2007.
300 ## - PHYSICAL DESCRIPTION
Extent 56 p. :
Other physical details ill. ;
Dimensions 19 cm.
440 #0 - SERIES STATEMENT/ADDED ENTRY--TITLE
Title Choose your own adventure
9 (RLIN) 1067
500 ## - GENERAL NOTE
General note "A Dragonlark book."
520 ## - SUMMARY, ETC.
Summary, etc "You are on a sailing trip with your family and two of your friends in the Carribbean [sic]. One night you stop on the island of Antigua. Some children who live there tell you that the island is haunted by a ghost. They are going to spy on the ghost as soon as the sun set. Should you go with them, or go by yourself to meet this ghost? Are you brave enough for Ghost Island?"--P. [4] of cover.
650 #0 - SUBJECT ADDED ENTRY--TOPICAL TERM
Topical term or geographic name as entry element Voyages and travels
Form subdivision Juvenile fiction.
9 (RLIN) 5676180
650 #0 - SUBJECT ADDED ENTRY--TOPICAL TERM
Topical term or geographic name as entry element Islands
Form subdivision Juvenile fiction.
9 (RLIN) 5675668
651 #0 - SUBJECT ADDED ENTRY--GEOGRAPHIC NAME
Geographic name Antigua
Form subdivision Juvenile fiction.
9 (RLIN) 6512823
651 #0 - SUBJECT ADDED ENTRY--GEOGRAPHIC NAME
Geographic name Caribbean Area
Form subdivision Juvenile fiction.
9 (RLIN) 5754381
650 #0 - SUBJECT ADDED ENTRY--TOPICAL TERM
Topical term or geographic name as entry element Plot-your-own stories
Form subdivision Juvenile literature.
9 (RLIN) 5709498
650 #0 - SUBJECT ADDED ENTRY--TOPICAL TERM
Topical term or geographic name as entry element Adventure stories
Form subdivision Juvenile literature.
9 (RLIN) 5688323
650 #0 - SUBJECT ADDED ENTRY--TOPICAL TERM
Topical term or geographic name as entry element Detective and mystery stories
Form subdivision Juvenile literature.
9 (RLIN) 5701300
650 #0 - SUBJECT ADDED ENTRY--TOPICAL TERM
Topical term or geographic name as entry element Ghost stories
Form subdivision Juvenile literature.
9 (RLIN) 6476751
700 1# - ADDED ENTRY--PERSONAL NAME
Personal name Newton, Keith.
9 (RLIN) 5859250
942 ## - ADDED ENTRY ELEMENTS (KOHA)
Koha item type BOOK
994 ## -
-- C0
-- UINTA
998 ## - LOCAL CONTROL INFORMATION (RLIN)
-- a138240
Holdings
Withdrawn status Lost status Source of classification or shelving scheme Damaged status Not for loan Collection code Home library Current library Shelving location Date acquired Cost, normal purchase price Total Checkouts Total Renewals Full call number Barcode Date last seen Date checked out Cost, replacement price Price effective from Koha item type
    Dewey Decimal Classification     Junior Fiction Wasatch County Library Wasatch County Library Main Floor Junior Area 12/16/2010 11.00 37 9 J Choose 34301000931008 04/29/2025 01/02/2025 11.00 03/20/2020 BOOK
This project was made possible through a grant from the Institute of Museum and Library Service administered by the Utah State Library Division.

Wasatch County Library

  • 465 East 1200 South, Heber City, Utah 84032
  • Phone 435-654-1511 | Fax 435-654-6456

Hours

  • Monday - Friday 9:30 AM - 8:00 PM
  • Saturday 9:30 AM - 1:30 PM
  • Closed Sundays and Holidays